Patty Diphusa y otros textos / (Record no. 193306)

MARC details
000 -LEADER
campo de control de longitud fija 02858nam a2200421 i 4500
001 - NÚMERO DE CONTROL
campo de control 193306
003 - IDENTIFICADOR DE NÚMERO DE CONTROL
campo de control SpMaBN
005 - FECHA Y HORA DE LA ÚLTIMA TRANSACCIÓN
campo de control 20250709194043.0
007 - CAMPO FIJO DE DESCRIPCIÓN FÍSICA--INFORMACIÓN GENERAL
campo de control de longitud fija ta
008 - DATOS DE LONGITUD FIJA--INFORMACIÓN GENERAL
campo de control de longitud fija 231102s2005 sp | ||| ||spa
016 7# - NÚMERO DE CONTROL DE UNA AGENCIA BIBLIOGRÁFICA NACIONAL
Número de control del registro bimoBNE19994370464
Fuente SpMaBN
017 ## - NÚMERO DE COPYRIGHT O DE DEPÓSITO LEGAL
Número de copyright o de depósito legal B 2756-2005
Agencia que asigna Oficina Depósito Legal de Barcelona
020 ## - NÚMERO INTERNACIONAL ESTÁNDAR DEL LIBRO
Número Internacional Estándar del Libro 8433966146
035 ## - NÚMERO DE CONTROL DEL SISTEMA
Número de control de sistema (OCoLC)40162515
035 ## - NÚMERO DE CONTROL DEL SISTEMA
Número de control de sistema bimo0001184955
040 ## - FUENTE DE CATALOGACIÓN
Centro catalogador/agencia de origen SpMaBN
Lengua de catalogación spa
Centro/agencia transcriptor SpMaBN
Normas de descripción rdc
Centro/agencia modificador ES-MaACL
080 ## - NÚMERO DE LA CLASIFICACIÓN DECIMAL UNIVERSAL
Número de la Clasificación Decimal Universal 821.134.2-82"19"
100 1# - ENTRADA PRINCIPAL--NOMBRE DE PERSONA
Nombre de persona Almodóvar, Pedro,
Fechas asociadas al nombre 1949-
Número de control del registro de autoridad o número normalizado XX4578342
9 (RLIN) 20157
Término indicativo de función/relación Autor
245 10 - MENCIÓN DEL TÍTULO
Título Patty Diphusa y otros textos /
Mención de responsabilidad, etc. Pedro Almodóvar
250 ## - MENCION DE EDICION
Mención de edición Cuarta edición ampliada en "Compactos": enero 2005
260 ## - PUBLICACIÓN, DISTRIBUCIÓN, ETC.
Lugar de publicación, distribución, etc. Barcelona :
Nombre del editor, distribuidor, etc. Anagrama,
Fecha de publicación, distribución, etc. 2005
300 ## - DESCRIPCIÓN FÍSICA
Extensión 219 páginas ;
Dimensiones 19 cm
336 ## - TIPO DE CONTENIDO
Fuente rdacontent
Término de tipo de contenido Texto
337 ## - TIPO DE MEDIO
Fuente rdamedia
Nombre/término del tipo de medio sin mediación
338 ## - TIPO DE SOPORTE
Fuente rdacarrier
Nombre/término del tipo de soporte volumen
490 1# - MENCIÓN DE SERIE
Mención de serie Compactos Anagrama ;
Designación de volumen o secuencia 183
504 ## - NOTA DE BIBLIOGRAFÍA, ETC.
Nota de bibliografía, etc. Bibliografía: página [219]
505 0# - NOTA DE CONTENIDO CON FORMATO
Nota de contenido con formato Patty Diphusa ; Relleno ; Consejos para llegar a ser un cineasta de fama internacional
520 ## - RESUMEN, ETC.
Sumario, etc. Patty Diphusa, estrella internacional (eso dice ella) de fotonovelas porno, es invitada por el director de un posmoderno magazine a relatar sus memorias. Patty no duerme nunca, con lo cual tiene muchas cosas que contar. Para ella, todo es noche; sus aventuras, casi siempre relacionadas con todas las variaciones sexuales imaginables y con todo tipo de drogas, le sirven para reflexionar, a su modo, sobre la condición humana. Porque aunque sus relatos estén llenos de felaciones, cunilingus, penetraciones por cualquier orificio, inauguraciones de galerías de arte, discotecas, taxis, fotonovelas porno, etc., en el fondo de todo ello nos encontramos con una muchacha que huye de la soledad, como cualquier persona, dotada de una capacidad inagotable para el placer y de ninguna capacidad para la decepción. Una vitalista implacable. Fraguada en pleno auge de los 80, Patty refleja y distorsiona los días y las noches madrileños, repletos de personajes que parecen un verdadero catálogo de traumas y vicios. Los «otros textos» son una selección de los escritos que Pedro Almodóvar hiciera para diarios y revistas. Sin pretenderlo el autor, todos juntos componen una verdadera autobiografía del director manchego, de su trayectoria, tanto personal como profesional.
830 ## - PUNTO DE ACCESO ADICIONAL DE SERIE-TÍTULO UNIFORME
9 (RLIN) 180205
Título uniforme Compactos Anagrama ;
Designación de volumen o secuencia 183
852 ## - LOCALIZACIÓN
Ubicación ES-MaACL
itemnumber 200746
Sublocalización o colección R.154721
Número de control de estantería N-9495
Ubicación en estantería Depósito J
Donativo/Legado Donación: Pedro Almodóvar
Encuadernación Encuadernación rústica
903 ## - NOMBRE PERSONAL DE DONANTE
9 20157
a Almodóvar, Pedro,
d 1949-
e Donante
942 ## - ELEMENTOS DE ENTRADA SECUNDARIOS (KOHA)
Suprimir en OPAC No
Tipo de ítem Koha Libro impreso
Holdings
Estatus retirado Estado de pérdida Fuente del sistema de clasificación o colocación Estado de daño No para préstamo Biblioteca de origen Biblioteca actual Ubicación en estantería Fecha de adquisición Fuente de adquisición Número de control de estantería Total de préstamos Signatura topográfica completa Código de barras Visto por última vez Tipo de ítem Koha
    Clasificación decimal universal     Biblioteca del Ateneo de Madrid Biblioteca del Ateneo de Madrid Depósito J 02/11/2023 Donación Ateneísta   N-9495 101206035 02/11/2023 Libro impreso